270 câu hỏi đáp Word 2002

Gorde:
Xehetasun bibliografikoak
Egile nagusia: Hoàng Đặng
Formatua: Liburua
Hizkuntza:Undetermined
Argitaratua: Tp. HCM Trẻ 2002
Gaiak:
Etiketak: Etiketa erantsi
Etiketarik gabe, Izan zaitez lehena erregistro honi etiketa jartzen!
Thư viện lưu trữ: Trung tâm Học liệu Trường Đại học Cần Thơ
LEADER 00479nam a2200181Ia 4500
001 CTU_52120
008 210402s9999 xx 000 0 und d
020 |b 14000 
082 |a 005.3 
082 |b H407 
100 |a Hoàng Đặng 
245 0 |a 270 câu hỏi đáp Word 2002 
245 0 |c Hoàng Đặng 
260 |a Tp. HCM 
260 |b Trẻ 
260 |c 2002 
650 |a winword ( computer programs ) 
980 |a Trung tâm Học liệu Trường Đại học Cần Thơ